000 00892nac a22002777a 4500
001 BR7000816
003 BR-BrBNA
005 20240105113406.0
008 230509b bl.|||m| |||| 00| 0 por d
040 _aBR-BrBNA
_bpor
_cBiblioteca Nacional de Agricultura
072 _aK50
090 _a3240 BR7000816
100 1 _aFranco, F.C.
100 1 _aBicudo, L.P.
110 1 _aCoordenadoria de Assistencia Tecnica Integral, Campinas, SP (Brasil)
245 1 _aTratamento de eucalipto para mouroes de cerca [Eucalyptus spp.]
260 3 _aCampinas, SP (Brasil):
_c1970.
300 _a15 p.
490 _aInstrucoes Praticas - Coordenadoria de Assistencia Tecnica Integral (Brazil)
_vno. 76
_xISSN 0100-5111
650 _aEUCALIPTO
650 _aMOURAO
650 _aCERCA
650 _aINDUSTRIALIZACAO
909 _a202312
_bLúcia Elande
_c55
_dLúcia Elande
942 _2AGRIS
_n0
_cMS
999 _c263468
_d263468